Comer, beber y amar = Yi shi nan nu /

Un chef chino comparte su casa con sus tres hijas solteras. La distancia permanente que caracteriza la relación padre-hijas se disuelve cada domingo, cuando todos se reúnen en la mesa a disfrutar una ritual y elaborada comida. Tercer largometraje dirigido por el cineasta taiwanés Ang Lee.

Guardat en:
Dades bibliogràfiques
Autor principal: Lee, Ang (realización)
Altres autors: Lee, Ang (guión) (guión), Schamus, James (guión) (guión), Hui-Ling, Wang (guión) (guión), Lin, Jong (fotógrafo) (fotógrafo), Chen, Wen-Chi (vestuario) (vestuario), Squyres, Tim (montaje) (montaje), Mader (música) (música), Sihung, Lung (actuación) (actuación), Yu-Wen, Wang (actuación) (actuación), Chien-lien, Wu (actuación) (actuación)
Format: Diapositiva
Idioma:xinès
Publicat: Taiwán : Central Motion Pictures, 1994, c1994
Matèries:
Etiquetes: Afegir etiqueta
Sense etiquetes, Sigues el primer a etiquetar aquest registre!

MARC

LEADER 00000ngm^a2200000^a^4500
001 000263808
005 20250521000000.0
009 20260310110625.389
037 |a Acervo ITESO - Biblioteca 
041 |a CHI 
082 |a 895. 1  |b LEE 
100 |a Lee, Ang  |e (realización) 
240 1 1 |a [Trilogía de la paternidad, de Ang Lee] 
240 1 1 |a [Comer, beber, amar] 
245 1 0 |a Comer, beber y amar =  |b Yi shi nan nu /  |c Realización de A. Lee. 
246 2 |a Título en México: Comer, beber, amar [salas de cine] 
246 2 |a Título en México: Comer, beber y amar [DVD y video] 
264 4 |a Taiwán :  |b Central Motion Pictures,  |c 1994, c1994 
264 2 |a México :  |b Videomax [distribución],  |c 2004 
300 |a 1 DVD región 4 (124 min.) :  |b color 
336 |a imagen móvil bidimensional  |b tdi  |2 rdacontenido 
337 |a video  |b v  |2 rdamedio 
338 |a videodisco  |b vd  |2 rdasoporte 
520 |a Un chef chino comparte su casa con sus tres hijas solteras. La distancia permanente que caracteriza la relación padre-hijas se disuelve cada domingo, cuando todos se reúnen en la mesa a disfrutar una ritual y elaborada comida. Tercer largometraje dirigido por el cineasta taiwanés Ang Lee. 
546 |a En mandarín, con subtítulos en español 
586 |a Premio Caballo Dorado, del Cine de Taiwán (31°: 1994): Mejor Película (finalista) 
586 |a Premio BAFTA, de la Academia Británica de Cine y Televisión (48°: 1994): Mejor Película en Lengua No Inglesa (finalista) 
586 |a Premio Globo de Oro, de la Asociación de la Prensa Extranjera de Hollywood (52°: 1994): Mejor Película en Lengua No Inglesa (finalista) 
586 |a Premio Oscar, de la Academia Norteamericana de Cine (67°: 1994): Mejor Película en Lengua No Inglesa (finalista, representante de Taiwán) 
586 |a Premio Spirit, del Cine Independiente Norteamericano (10°: 1995): Mejor Película (finalista) 
586 |a Premio Spirit, del Cine Independiente Norteamericano (10°: 1995): Mejor Dirección (finalista: Ang Lee) 
586 |a Premio Spirit, del Cine Independiente Norteamericano (10°: 1995): Película con más candidaturas finalistas (6) 
586 |a Mejores Películas de los Cines Chinos: Selección del Premio Caballo Dorado, del Cine de Taiwán (2010): 66ª, ex aequo 
649 |a XX 
650 |a Padres en el Cine 
650 |a Viudos en el Cine 
650 |a Solteros en el Cine 
650 |a Cocineros en el Cine 
650 |a Mujeres en el Cine 
650 |a Comedias Cinematográficas 
650 |a Cine Taiwanés -  |y 1990-1999 
650 |a Cine Taiwanés -  |y Siglo XX 
650 |a Paternidad 
650 |a Relaciones Padres-Hijos 
650 |a Relaciones Familiares 
650 |a Conflicto Intergeneracional -  |x Tema Principal 
650 |a Conflicto (Relaciones Personales) 
650 |a Cocina China 
650 |a Gastronomía 
650 |a Prácticas Culturales -  |z Taiwán 
700 |a Lee, Ang  |e (guión) 
700 |a Schamus, James  |e (guión) 
700 |a Hui-Ling, Wang  |e (guión) 
700 |a Lin, Jong  |e (fotógrafo) 
700 |a Chen, Wen-Chi  |e (vestuario) 
700 |a Squyres, Tim  |e (montaje) 
700 |a Mader  |e (música) 
700 |a Sihung, Lung  |e (actuación) 
700 |a Yu-Wen, Wang  |e (actuación) 
700 |a Chien-lien, Wu  |e (actuación) 
910 |a Fondo General 
920 |a Audiovisuales - DVDs 
940 |a Películas 
905 |a 302 
901 |a 0500140931  |b IT2  |c DVS  |u 20250521 
902 |a https://opac.biblio.iteso.mx/vufind/Record/000263808